• 首页
  • 本馆介绍
  • 公告通知
  • 最新文献
  • 馆藏检索
  • 电子资源
  • 读者导购
  • 参考咨询
  • 我的图书馆
  • 登录
  • 详细信息显示
  • 放入我的书架
  • 预约/预借图书
  • 作者相关作品
  • 分类相关作品
  • 丛书相关作品
  • 出版社相关作品

书目信息

  • 表格格式
  • 工作单格式
  • 卡片格式
题名:
点子思维
    
 
作者: 文冲 著
分册:  
出版信息: 北京   作家出版社  1997
页数: 452页
开本: 20cm
丛书名:
单 册:
中图分类: G305 , B934 , C934
科图分类:
主题词: 创造性思维--思维方法 , 创造性思维 , 思维方法 , 神话 , 原始宗教 , 决策学
电子资源:
ISBN: 7-5063-1318-9
000 00713nam0 2200289 450
001 1239339843
005 20121010152800.78
010    @a7-5063-1318-9@dCNY20
100    @a19980828d1997 em y0chiy0110 ea
101 0  @achi
102    @aCN@b110000
105    @ay z 000yy
200 1  @a点子思维@Adian zi si wei@e清华 北大学不到@f文冲著
210    @a北京@c作家出版社@d1997
215    @a452页@d20cm
606 0  @a创造性思维@x思维方法
606 0  @a创造性思维
606 0  @a思维方法
606 0  @a神话
606 0  @a原始宗教
606 0  @a决策学
690    @aG305@v3
690    @aB934@v3
690    @aC934@v4
701  0 @a文冲@Awen chong@4著
801  0 @aCN@bNLC@c20101222
905    @a10447@dC934@eJY80
    
    点子思维:清华 北大学不到/文冲著.-北京:作家出版社,1997
    452页;20cm
    
    
    ISBN 7-5063-1318-9:CNY20
    
●
相关链接 在E读中查询图书 在五车中查询图书 在当当中查询图书 在豆瓣中查询图书


正题名:点子思维     索取号:C934/JY80         预约/预借

序号 登录号 条形码 馆藏地/架位号 状态 备注
1 7811170   278111703   学院路分馆/ [索取号:C934/JY80] 在馆    
2 7811171   278111712   学院路分馆/ [索取号:C934/JY80] 在馆    
3 7811172   278111721   学院路分馆/ [索取号:C934/JY80] 在馆    
4 7811173   278111730   学院路分馆/ [索取号:C934/JY80] 在馆    
唐山师范学院图书馆 欢迎您!
大连网信软件有限公司© 版权所有